000 00545nam a22002057a 4500
005 20260511123004.0
008 260511b |||||||| |||| 00| 0 eng d
020 _a9789390709069
_c395.00
040 _aMAIN
041 _aEnglish
082 _a616.079
_bSIN
100 _aSinha, Basant Kumar
_926775
245 _aPrinciples of immunology
_b:Students Compendium
250 _a2nd
260 _aNew Delhi
_bCBS
_c2022
300 _a314
650 _aEnvironment Science (PM USHA)
_926725
700 _aRinesh, Kumar
_926776
942 _cBK
999 _c60755
_d60755